Tous les jours fériés de l'année 2025 - Statistiques

Statistiques générales
  • Ce quiz a été pris 97 fois
    26 depuis la dernière actualisation
  • Le résultat moyen est 8 sur 11
Statistiques - réponses
Nom du jour Réponse % Correct
Jour de l'an 1 janvier
100%
Jour de Noël 25 décembre
96%
Armistice 1918 11 novembre
91%
Fête nationale 14 juillet
91%
Toussaint 1 novembre
87%
Victoire 1945 8 mai
87%
Fête du travail 1 mai
83%
Assomption 15 août
61%
Lundi de pâques 21 avril
43%
Ascension 29 mai
30%
Pentecôte 9 juin
30%
Aucun quiz correspondant
Distribution des résultats
% des personnes avec chaque résultat
Percentile par nombre de réponses
Votre historique - résultats
Vous n’avez pas pris ce quiz depuis la dernière actualisation